000 00345nam a2200121Ia 4500
008 210430s9999 xx 000 0 und d
082 _a389.15D649 M
100 _aErnest o.Doebelin
_952821
245 _aMeasurement systems Application and Design
_cErnest o.Doebelin
260 _aNew york
_bGraw-Hill
_c1966
300 _a743p
942 _cBK
_2ddc
999 _c562282
_d562282